01386 a2200181 45000010006000000050017000060080041000230030015000640400040000790800034001192450037001530200022001902640033002123000024002455050776002691000031010458560128010761049820260407155438.0260407a2011 arg spa dAR-UNSa-BCEJYS aAR-UNSa-BCEJYSbspacAR-UNSa-BCEJYS a342.9xDerecho Administrativo10aManual de derecho administrativo a978-987-03-2028-9 1aBuenos Aires :bLa Leyc2011 axxi, 574 p.c24 cm. a1. Las bases del derecho administrativo - 2. El marco constitucional del derecho administrativo - 3. El concepto de derecho administrativo - 4. Los caracteres del derecho administrativo - 5. Las fuentes del derecho administrativo - 6. El ejercicio discrecional o reglado de las funciones administrativas - 7. La organización administrativa - 8. El control de la administración pública - 9. Los bienes del dominio estatal - 10. Las actividades de intervención - 11. El servicio público - 12. La actividad del fomento - 13. El acto administrativo y el reglamento - 14. Los contratos administrativos - 15. La responsabilidad del estado - 16. Las situaciones jurídicas subjetivas - 17. El procedimiento adminsitrativo - 18. El proceso acontencioso administrativo 1 aBalbín, Carlos Francisco41uhttps://biblioeco.unsa.edu.ar/pmb/images/libros/Manual de derecho administrativo-l118759.jpgyImagen de portadaqimage/jpeg